00452cam a2200157ua 45000010005000000080039000050400009000440820008000531000039000612450068001002500009001682600032001773000017002096530015002266530053002412922110916n ii |||gr||||Z||||||asm cMAIN a9201 aChoudhury, Chitta Ranjan,eAuthor.11aBanikanta kakati jivan aru pratibhacby Chitta Ranjan Choudhury a1st. aGuahati:bBina Library,994. a175p:c23cm. aBiograpgy  aBiography of Banikanta kakati jivan aru pratibha